| 000 | 01822cam a2200409 a 4500 | ||
|---|---|---|---|
| 001 | 3071731 | ||
| 003 | OSt | ||
| 005 | 20160727142334.0 | ||
| 008 | 970728s1998 flua j 000 1 eng | ||
| 010 | _a 97030377 | ||
| 020 | _a1558745548 (hardcover) | ||
| 040 |
_aDLC _cDLC _dDLC |
||
| 042 | _alcac | ||
| 050 | 0 | 0 |
_aPZ 7 _b.M478 1998 |
| 082 | 0 | 0 |
_aKF _bM13cb 1998 |
| 100 | 1 |
_aMcCourt, Lisa. _93979 |
|
| 245 | 1 | 0 |
_aChicken soup for little souls. _pThe Braids girl / _cstory by Lisa McCourt ; illustrated by Tim Ladwig. |
| 246 | 3 | 0 | _aBraids girl |
| 260 |
_aDeerfield Beach, FL. : _bHealth Communications, _cc1998. |
||
| 300 |
_a1 v. (unpaged) : _bcol. ill. ; _c30 cm. |
||
| 500 | _a"Based on the ... best-selling series Chicken soup for the soul by Jack Canfield and Mark Victor Hansen." | ||
| 520 | _aWhile helping Grandpa Mike do volunteer work at a shelter for less fortunate people, Izzy tries to figure out the best way to help a girl her own age who is staying there. | ||
| 650 | 1 |
_aHomeless persons _xFiction. _94031 |
|
| 650 | 1 |
_aPoverty _xFiction. _94032 |
|
| 650 | 1 |
_aVoluntarism _xFiction. _94033 |
|
| 650 | 1 |
_aFriendship _xFiction. _94034 |
|
| 700 | 1 |
_aLadwig, Tim, _eill. _94035 |
|
| 700 | 1 |
_aHansen, Mark Victor. _93985 |
|
| 700 | 1 |
_aCanfield, Jack, _d1944- _tChicken soup for the soul. _94036 |
|
| 856 | 4 | 2 |
_3Publisher description _uhttp://www.loc.gov/catdir/enhancements/fy0727/97030377-d.html |
| 856 | 4 | 2 |
_3Contributor biographical information _uhttp://www.loc.gov/catdir/enhancements/fy0735/97030377-b.html |
| 856 | 4 | 1 |
_3Sample text _uhttp://www.loc.gov/catdir/enhancements/fy0827/97030377-s.html |
| 906 |
_a7 _bcbc _corignew _d1 _eocip _f19 _gy-gencatlg |
||
| 942 |
_2lcc _cBK |
||
| 999 |
_c7794 _d7794 |
||